000 01507nad a2200397 a 4500
001 MIU01000000000000004916791
003 MiU
005 20231010141055.0
007 cr mnummmmuuuu
008 920207s1991 stkabcj sb 001 0 eng d
010 _zgb 90029214
020 _z0748602100 :
024 7 _a2027/heb02552
_2hdl
040 _aMiU
_cMiU
090 _aDT513
_b(INTERNET)
100 1 _aBarber, Karin.
_936423
245 1 0 _aI could speak until tomorrow
_h[electronic resource] :
_boriki, women and the past in a Yoruba town /
_cKarin Barber.
300 _aix, 354 p., [3] p. of plates :
_bill., geneal. tables, maps, ports. ;
_c24 cm.
504 _aIncludes bibliography (p. 329-335) and index.
500 _a"For the International African Institute, London."
650 0 _zNigeria.
_936424
710 2 _aInternational African Institute.
_936425
830 0 _aACLS Humanities E-Book.
_936426
856 4 0 _zVolltext
_uhttps://hdl.handle.net/2027/heb02552
942 _cEB
500 _aE-Book-ACLS / Zugriff nur im DHI-Lesesaal
653 _aYoruba (African people)
653 _aEthnology
336 _2rdacontent
_btxt
_aText
337 _2rdamedia
_bbc
_aComputermedien
338 _2rdacarrier
_bcr
_aOnline Ressource
264 _aEdinburgh :
_bEdinburgh University Press for the International African Institute,
_cc1991.
490 _aInternational African library ;
_v7
041 _aeng
500 _aAmerican Council of Learned Societies/ https://www.humanitiesebook.org/about/
999 _c65200
_d65200